| 000 | 00573nam a2200181Ia 4500 | ||
|---|---|---|---|
| 008 | 090711s9999 xx 000 0 und d | ||
| 082 | _b43601 | ||
| 100 | _aओशो रजनीश | ||
| 245 | _aउपनिषदाSया गवाक्षातुन | ||
| 260 | _c1976 | ||
| 300 | _a54 | ||
| 600 | _aओशो रजनीश | ||
| 630 | _aउपनिषदाSया गवाक्षातुन | ||
| 700 | _aओशो | ||
| 700 | _aओशो रजनीश | ||
| 730 | _aउपनिषदाSया गवाक्षातुन | ||
| 942 | _cBOOK | ||
| 999 |
_c285648 _d285648 |
||